Statystyki dla Państwa Świata : Z literą "Y"

Kliknij tutaj aby rozwiązać quiz!

Ogólne statystyki

  • Ten quiz został rozwiązany 190 razy
  • Średni wynik to 21 z 33

Statystyki odpowiedzi

KontynentPaństwo% Poprawnych
Ameryka PółnocnaStany Zjednoczone
91%
EuropaNiemcy
87%
EuropaWłochy
87%
Ameryka PołudniowaArgentyna
86%
Ameryka PołudniowaBrazylia
80%
EuropaCzechy
80%
AzjaChiny
78%
Ameryka PółnocnaMeksyk
78%
EuropaWęgry
70%
EuropaWielka Brytania
70%
AfrykaRepublika Południowej Afryki
68%
Ameryka PółnocnaBahamy
67%
EuropaWatykan
67%
Australia i OceaniaWyspy Marshalla
64%
AzjaZjednoczone Emiraty Arabskie
64%
AzjaArabia Saudyjska
62%
Ameryka PółnocnaKostaryka
62%
Australia i OceaniaWyspy Salomona
60%
AfrykaWybrzeże Kości Słoniowej
59%
AfrykaWyspy Świętego Tomasza i Książęca
59%
EuropaCypr
58%
Ameryka PołudniowaTrynidad i Tobago
58%
AzjaFilipiny
57%
AfrykaRepublika Zielonego Przylądka
57%
AzjaSyria
56%
AzjaTadżykistan
56%
AzjaMalediwy
55%
AfrykaRepublika Środkowoafrykańska
53%
AfrykaDemokratyczna Republika Konga
52%
AfrykaKomory
47%
Ameryka PółnocnaSaint Vincent i Grenadyny
46%
AfrykaSudan Południowy
45%
AfrykaErytrea
36%

Rozkład punktacji

Percentyl według liczby udzielonych odpowiedzi

Procent ludzi z każdym wynikiem

Twoja historia wyników

Nie rozwiązałeś tego quizu